| 000 | 00887nac a22002291u 4500 | ||
|---|---|---|---|
| 010 | _a 00049819 | ||
| 020 | _a0632057416 (alk. paper) | ||
| 082 | 0 | 0 |
_a343.73078624 _bSTE |
| 090 |
_c8484 _d8484 |
||
| 100 | _aStephenson, Douglas A. | ||
| 245 | 1 | 0 |
_aArbitration practice in construction contracts / _cDouglas A. Stephenson ; foreword by the Lord Saville of Newdigate. |
| 250 | _a5th ed. | ||
| 260 |
_aOxford [England] ; _aMalden, MA : _bBlackwell Science,2001 _cc2001. |
||
| 300 |
_axv, 280 p. ; _c24 cm. |
||
| 500 | _aDistributer: Al-Ahram | ||
| 504 | _aIncludes bibliographical references (p. 273) and index. | ||
| 511 | _aCatalogued by: Sara | ||
| 650 | 0 |
_aConstruction contracts _zGreat Britain. |
|
| 650 | 0 |
_aCivil engineering contracts _zGreat Britain. |
|
| 650 | 0 |
_aArbitration and award _zGreat Britain. |
|
| 942 |
_cBB _k343.73078624STE |
||
| 999 |
_c8484 _d8484 |
||